|
|
|
|
| LEADER |
00000naa a2200000uu 4500 |
| 001 |
vtls011040494 |
| 003 |
SK-MaSNL |
| 005 |
20260302135143.0 |
| 008 |
210904|2008 xo |||||||||||||||||slo| |
| 015 |
|
|
|a SNBRA
|
| 035 |
|
|
|a (urnnbn)urn:nbn:sk:snk:ar-008xuu
|
| 035 |
|
|
|a (uuid)bdb93200-f994-4dff-982a-29ea31e7e9dc
|
| 035 |
|
|
|a urn:nbn:sk:snk-aautck
|
| 040 |
|
|
|a SNKBUCL
|b slo
|c SNKBUCL
|e AACR2
|
| 041 |
0 |
|
|a slo
|
| 044 |
|
|
|a xo
|c SK
|
| 100 |
1 |
|
|a Holbová, Katarína,
|d 1948-
|4 aut
|9 106935
|
| 245 |
1 |
0 |
|a PREZENTÁCIA TROCH SÚKROMNÝCH ZBIEROK MUZEÁLIÍ V SÚKROMNÝCH DEDINSKÝCH DOMOCH
|c Katarína Holbová
|
| 773 |
0 |
|
|t Musaeum Hungaricum 2
|d Boldog : Muzeologická spoločnosť na Matúšovej zemi, 2008
|g S. 113-122
|z 9788097000905
|
| 958 |
|
|
|a OND
|
| 958 |
|
|
|a article12
|
| 958 |
|
|
|a chapter
|
| 999 |
|
|
|c 1326257
|d 1328187
|